[Event "Reykjavik Open"]
[Site "Reykjavik ISL"]
[Date "2017.04.20"]
[EventDate "2017.04.19"]
[Round "3.96"]
[Result "1-0"]
[White "Helgi Petur Gunnarsson"]
[Black "Loftur Baldvinsson"]
[WhiteElo "1669"]
[BlackElo "1971"]
[PlyCount "111"]

1. e4 Nc6 2. Nf3 f5 3. exf5 d5 4. d4 Bxf5 5. Bd3 Bg4 6. Be2
Nf6 7. Be3 e6 8. Nbd2 Bd6 9. Ng5 Bxe2 10. Qxe2 Qe7 11. c3 O-O
12. O-O-O e5 13. dxe5 Nxe5 14. Rhe1 Rae8 15. h3 c5 16. Ngf3
Nc6 17. Qb5 c4 18. Bc5 Qc7 19. Bxd6 Qxd6 20. Nxc4 Qf4+ 21. Ne3
Rc8 22. Rd2 d4 23. Nd5 Nxd5 24. Qxd5+ Kh8 25. Nxd4 Rfd8
26. Ne6 Rxd5 27. Nxf4 Rf5 28. Nd5 Rf7 29. Rde2 Rcf8 30. f3 h6
31. Re8 Rxe8 32. Rxe8+ Kh7 33. Kc2 Rd7 34. Ne3 Kg6 35. Nc4 Kf5
36. Re4 g5 37. Ne3+ Kf6 38. Ng4+ Kg7 39. Ne5 Nxe5 40. Rxe5 Kf6
41. Re4 Kf5 42. c4 a6 43. b4 h5 44. a4 b6 45. g3 Rd6 46. c5
Rc6 47. Rc4 Ke5 48. Kd3 b5 49. axb5 axb5 50. Re4+ Kf5 51. Rd4
Rc8 52. Rd6 Ra8 53. Rd5+ Kf6 54. c6 Rc8 55. Rc5 Rc7 56. Kd4
1-0

[Event "Reykjavik Open"]
[Site "Reykjavik ISL"]
[Date "2017.04.20"]
[EventDate "2017.04.19"]
[Round "3.100"]
[Result "1/2-1/2"]
[White "Anthony Boron"]
[Black "Birkir Isak Johannsson"]
[WhiteElo "1865"]
[BlackElo "1567"]
[PlyCount "125"]

1. d4 d5 2. Nf3 Nf6 3. e3 Bf5 4. c4 e6 5. Qb3 Qc8 6. Nc3 c6
7. Bd2 Nbd7 8. cxd5 exd5 9. Rc1 Bd6 10. Be2 h6 11. Nb5 Bb8
12. Bb4 Ne4 13. Qxd5 Ndf6 14. Qb3 Qd7 15. Nc3 Nd6 16. Ne5 Qe7
17. Bc4 Be6 18. Bxe6 Qxe6 19. Qxe6+ fxe6 20. O-O O-O 21. b3
Bc7 22. Bc5 Rfd8 23. Ba3 Rac8 24. Na4 Nb5 25. Be7 Re8 26. Bxf6
gxf6 27. Nd7 Kf7 28. Ndc5 Nd6 29. Nc3 f5 30. Rc2 Rg8 31. Rfc1
Rg7 32. Ne2 Kf6 33. Nf4 Re7 34. Ne2 Bb8 35. g3 Rg8 36. Nf4 a6
37. Nh5+ Kf7 38. Nf4 Rd8 39. Nfd3 Ne8 40. a4 Nf6 41. Nb2 h5
42. Kg2 Nd5 43. Nbd3 Rh8 44. Nf4 h4 45. Ncd3 Nxf4+ 46. exf4
Ba7 47. Ne5+ Kf6 48. Rd2 Rd8 49. Nf3 hxg3 50. hxg3 Red7
51. Rcd1 c5 52. dxc5 Rxd2 53. Rxd2 Rxd2 54. Nxd2 Bxc5 55. g4
e5 56. g5+ Kg6 57. fxe5 Kxg5 58. Kf3 b5 59. axb5 axb5 60. Nf1
Bd4 61. e6 Kf6 62. e7 Kxe7 63. Ne3 1/2-1/2

[Event "Reykjavik Open"]
[Site "Reykjavik ISL"]
[Date "2017.04.20"]
[EventDate "2017.04.19"]
[Round "3.103"]
[Result "0-1"]
[White "Lorenz Theuer"]
[Black "Allan George Savage"]
[WhiteElo "1583"]
[BlackElo "2067"]
[PlyCount "92"]

1. e4 g6 2. d4 Bg7 3. Nf3 c5 4. Bc4 cxd4 5. Nxd4 Nc6 6. Be3
Nf6 7. Nc3 Qa5 8. O-O O-O 9. Bb3 d6 10. h3 Bd7 11. Nd5 Rfe8
12. f3 Rac8 13. c3 Ne5 14. Qe2 b5 15. a4 bxa4 16. Ra3 Nxd5
17. exd5 a6 18. f4 Bb5 19. Nxb5 Qxb5 20. Qxb5 axb5 21. fxe5
axb3 22. e6 fxe6 23. dxe6 Rc4 24. Rxb3 Re4 25. Bd4 Rxe6
26. Bxg7 Kxg7 27. Rxb5 Re2 28. Rf3 Rf8 29. Rxf8 Kxf8 30. Kf1
Rc2 31. Kg1 Kf7 32. Kh2 e5 33. Kg3 h5 34. Kf3 e4+ 35. Kxe4
Rxg2 36. Kf3 Rd2 37. c4 Ke6 38. h4 Rd4 39. Rg5 Rxh4 40. Rxg6+
Ke5 41. b3 Rh3+ 42. Rg3 Rxg3+ 43. Kxg3 Kd4 44. Kh4 Kc3
45. Kxh5 Kxb3 46. Kg4 Kxc4 0-1

[Event "Reykjavik Open"]
[Site "Reykjavik ISL"]
[Date "2017.04.20"]
[EventDate "2017.04.19"]
[Round "3.105"]
[Result "0-1"]
[White "Stefan Orri Davidsson"]
[Black "Margarita Baliuniene"]
[WhiteElo "1490"]
[BlackElo "1897"]
[PlyCount "130"]

1. e4 c5 2. c3 g6 3. d4 cxd4 4. cxd4 d5 5. exd5 Qxd5 6. Nc3
Qd8 7. Bf4 Nf6 8. Nb5 Nd5 9. Bd2 Bg7 10. Nf3 O-O 11. Bc4 Nb6
12. Ba5 Nc6 13. Bxb6 Qxb6 14. O-O a6 15. Nc3 Nxd4 16. Nxd4
Bxd4 17. Nd5 Qc5 18. Rc1 Bxb2 19. Rc2 Ba3 20. Nc7 Qa5 21. Nxa8
Bf5 22. Re2 Rxa8 23. Qb3 Rc8 24. Bxf7+ Kg7 25. Be6 Rc3
26. Qxb7 Bd3 27. Qf3 Bxe2 28. Qxe2 Bd6 29. Bc4 Qc7 30. Bxa6
Bxh2+ 31. Kh1 Bd6 32. a4 Qc5 33. Bb5 Qd4 34. g3 Qd5+ 35. Kh2
Qg5 36. Rg1 h5 37. Qe6 h4 38. Qh3 hxg3+ 39. fxg3 Rc2+ 40. Rg2
Rc1 41. Ra2 Qd5 42. Qg2 Qh5+ 43. Qh3 Rh1+ 44. Kxh1 Qxh3+
45. Kg1 Qxg3+ 46. Kf1 Qf3+ 47. Rf2 Qd1+ 48. Kg2 Qd5+ 49. Kf1
Bc5 50. Re2 g5 51. Ke1 g4 52. a5 Bb4+ 53. Kf1 Qxb5 54. Kf2 g3+
55. Kf3 Qxe2+ 56. Kxe2 Bxa5 57. Kf3 Bc7 58. Kg2 Kf6 59. Kf3
Kf5 60. Kg2 Kg4 61. Kg1 Kf3 62. Kh1 g2+ 63. Kg1 Bb6+ 64. Kh2
g1=Q+ 65. Kh3 Qg3# 0-1

[Event "Reykjavik Open"]
[Site "Reykjavik ISL"]
[Date "2017.04.20"]
[EventDate "2017.04.19"]
[Round "3.109"]
[Result "1-0"]
[White "Janus Skaale"]
[Black "Benedikt Briem"]
[WhiteElo "1765"]
[BlackElo "1446"]
[PlyCount "117"]

1. e4 d5 2. exd5 Qxd5 3. Nc3 Qd6 4. d4 c6 5. Be3 Nf6 6. Nf3
Bg4 7. Be2 e6 8. Qd2 Nbd7 9. O-O Qc7 10. Bf4 Bd6 11. Bxd6 Qxd6
12. Rad1 Bf5 13. Rfe1 O-O-O 14. a3 Ne4 15. Nxe4 Bxe4 16. c4
Rdg8 17. b4 h5 18. Ng5 Bg6 19. Bf3 Nf6 20. Be4 Nxe4 21. Nxe4
Bxe4 22. Rxe4 Rd8 23. Qg5 g6 24. Ree1 Rhe8 25. Qa5 a6 26. b5
Qc7 27. Qa4 axb5 28. cxb5 Rd6 29. bxc6 bxc6 30. d5 Kd7
31. dxc6+ Qxc6 32. Rxd6+ Kxd6 33. Rd1+ Kc7 34. Qa7+ Kc8
35. Qxf7 Rd8 36. Rxd8+ Kxd8 37. Qf6+ Kc8 38. Qh8+ Kc7 39. Qe5+
Kc8 40. Qh8+ Kc7 41. Qg7+ Kc8 42. Qf8+ Kc7 43. Qf4+ Kc8 44. h3
Qc2 45. Qf8+ Kd7 46. Qf7+ Kd8 47. Qf6+ Kd7 48. Qd4+ Ke8 49. a4
Qf5 50. Qb4 g5 51. Qb5+ Qxb5 52. axb5 Kd7 53. g4 hxg4 54. hxg4
e5 55. Kf1 Kc7 56. Ke2 Kb6 57. Ke3 Kxb5 58. Ke4 Kc4 59. Kxe5
1-0

[Event "Reykjavik Open"]
[Site "Reykjavik ISL"]
[Date "2017.04.20"]
[EventDate "2017.04.19"]
[Round "3.110"]
[Result "1/2-1/2"]
[White "Hjalmar Sigurvaldason"]
[Black "Sigurlaug Regina Fridthjofsdottir"]
[WhiteElo "1441"]
[BlackElo "1750"]
[PlyCount "138"]

1. e4 e6 2. d4 d5 3. Nc3 Nf6 4. Bg5 Be7 5. e5 Nfd7 6. Bxe7
Qxe7 7. f4 O-O 8. Nf3 Nb6 9. Bd3 g6 10. Qe2 a6 11. O-O-O c5
12. dxc5 Qxc5 13. Nd2 Nc6 14. Nb3 Qe7 15. a3 Bd7 16. h4 Rac8
17. Qf2 Nc4 18. Bxc4 dxc4 19. Nc5 Rc7 20. N3e4 Bc8 21. Nf6+
Kg7 22. Nce4 Rd8 23. Rd6 Na5 24. Rhd1 Nc6 25. g4 b5 26. Qd2
Rh8 27. h5 h6 28. hxg6 fxg6 29. g5 h5 30. Qe3 Nd8 31. Qd2 Nf7
32. Rd4 h4 33. Nd6 h3 34. Qh2 c3 35. b4 Bb7 36. Nxf7 Rh4
37. Rd7 Rxd7 38. Rxd7 Qxd7 39. Nxd7 Kxf7 40. Nc5 Bg2 41. Nxa6
Rh8 42. Nc5 Ra8 43. Kb1 Rxa3 44. Nb3 Ra4 45. Qg1 Rxb4 46. Qa7+
Ke8 47. Qb8+ Kf7 48. Qc7+ Ke8 49. Qc8+ Ke7 50. Qc5+ Kd7
51. Qxb4 h2 52. Nc5+ Kc6 53. Qxc3 h1=Q+ 54. Kb2 Bd5 55. Nxe6+
Bc4 56. Nd4+ Kb6 57. Qe3 Kb7 58. e6 Qh8 59. Qe4+ Kb6 60. Qc6+
Ka5 61. Kc3 Qh3+ 62. Kb2 Qh8 63. Kc3 Qh3+ 64. Kb2 Qh8 65. Qc7+
Ka6 66. Qc6+ Ka7 67. Qc7+ Ka6 68. Qc6+ Ka7 69. Qc7+ Ka6
1/2-1/2

[Event "Reykjavik Open"]
[Site "Reykjavik ISL"]
[Date "2017.04.20"]
[EventDate "2017.04.19"]
[Round "3.115"]
[Result "1-0"]
[White "Ingvar Egill Vignisson"]
[Black "Magnus Hjaltason"]
[WhiteElo "1693"]
[BlackElo "1205"]
[PlyCount "133"]

1. e4 e5 2. Nf3 Nc6 3. Bb5 a6 4. Ba4 Nf6 5. O-O b5 6. Bb3 d6
7. c3 Be7 8. h3 O-O 9. d3 Nb8 10. a4 c6 11. Be3 Be6 12. Nbd2
Nbd7 13. Bxe6 fxe6 14. Ng5 Nd5 15. Nxe6 Nxe3 16. fxe3 Rxf1+
17. Qxf1 Qb6 18. Qe2 Nc5 19. Qg4 Nxe6 20. Qxe6+ Kh8 21. Qxe7
Qxe3+ 22. Kh2 Qxd2 23. Rf1 h6 24. Qxd6 Qxb2 25. Qxc6 Rd8
26. Qxa6 bxa4 27. Qxa4 Qxc3 28. Qb5 Qxd3 29. Qxd3 Rxd3
30. Rf8+ Kh7 31. Re8 Kg6 32. Rxe5 Re3 33. g3 Kf6 34. Rf5+ Ke6
35. Rf4 Ke5 36. Rf7 g6 37. Re7+ Kf6 38. Re8 Kf7 39. Ra8 Rxe4
40. Kg2 Rb4 41. h4 Rb2+ 42. Kh3 Rb4 43. Ra3 h5 44. Kg2 Kf6
45. Kf3 Rb5 46. Ra4 g5 47. Ke4 g4 48. Ra6+ Kg7 49. Re6 Rb4+
50. Kf5 Rb5+ 51. Re5 Rb8 52. Kg5 Rh8 53. Re7+ Kf8 54. Ra7 Kg8
55. Ra8+ Kg7 56. Rxh8 Kxh8 57. Kxh5 Kh7 58. Kxg4 Kg6 59. h5+
Kh7 60. Kg5 Kg7 61. g4 Kh8 62. Kh6 Kg8 63. g5 Kh8 64. Kg6 Kg8
65. Kf6 Kh8 66. Kf7 Kh7 67. g6+ 1-0

[Event "Reykjavik Open"]
[Site "Reykjavik ISL"]
[Date "2017.04.20"]
[EventDate "2017.04.19"]
[Round "3.118"]
[Result "1/2-1/2"]
[White "Flovin M Tummasarson"]
[Black "Leif Reinert Fjallheim"]
[WhiteElo "1224"]
[BlackElo "1667"]
[PlyCount "65"]

1. e4 e5 2. Nf3 Nc6 3. Bc4 Bc5 4. d3 Nf6 5. Nc3 h6 6. Be3 Bb6
7. Qd2 d6 8. O-O-O Be6 9. Bxb6 axb6 10. Qe3 Qd7 11. h3 Na7
12. Bd5 c5 13. Bxe6 fxe6 14. Nd2 Nb5 15. Nxb5 Qxb5 16. Kb1 Qa4
17. a3 b5 18. f4 exf4 19. Qxf4 Ra6 20. Qg3 O-O 21. e5 dxe5
22. Qxe5 b4 23. Qxc5 bxa3 24. Qxa3 Qc6 25. Qb4 Qxg2 26. Qe7
Qc6 27. Qb4 Nd5 28. Qc4 Rfa8 29. Nb3 Qd6 30. Qe4 Ra4 31. Qf3
Nf4 32. Qg3 Qf8 33. Rhg1 1/2-1/2

[Event "Reykjavik Open"]
[Site "Reykjavik ISL"]
[Date "2017.04.20"]
[EventDate "2017.04.19"]
[Round "3.121"]
[Result "0-1"]
[White "Suni I Horni Nielsen"]
[Black "Elvar Orn Hjaltason"]
[WhiteElo "1167"]
[BlackElo "1643"]
[PlyCount "104"]

1. e4 c5 2. Nf3 a6 3. d4 cxd4 4. Nxd4 e6 5. Nc3 b5 6. Be2 Bb7
7. Bf3 Nc6 8. O-O Nxd4 9. Qxd4 d6 10. Be3 e5 11. Qd3 Nf6
12. Rad1 h6 13. Nd5 Nxd5 14. exd5 Be7 15. Bg4 h5 16. Bh3 g5
17. Bf5 Bc8 18. a3 Bxf5 19. Qxf5 Qd7 20. Qxd7+ Kxd7 21. Rd3 f5
22. Bb6 Rac8 23. Rc1 g4 24. b3 Bg5 25. Ra1 Rxc2 26. g3 Rc1+
27. Rxc1 Bxc1 28. Rc3 Rc8 29. Rxc8 Kxc8 30. a4 bxa4 31. bxa4
Kb7 32. a5 Ba3 33. Kf1 Bc5 34. Bxc5 dxc5 35. Ke2 Kc7 36. Kd3
Kd6 37. Kc4 f4 38. gxf4 exf4 39. Kc3 Kxd5 40. Kd3 c4+ 41. Kc3
Kc5 42. Kc2 Kd4 43. Kd2 c3+ 44. Kc2 Kc4 45. Kc1 Kd3 46. Kd1
c2+ 47. Kc1 h4 48. h3 gxh3 49. f3 h2 50. Kb2 h1=Q 51. Ka2 Kc3
52. Ka3 Qa1# 0-1

[Event "Reykjavik Open"]
[Site "Reykjavik ISL"]
[Date "2017.04.20"]
[EventDate "2017.04.19"]
[Round "3.124"]
[Result "0-1"]
[White "Bjorgvin Kristbergsson"]
[Black "Allan Nielsen"]
[WhiteElo "1060"]
[BlackElo "1606"]
[PlyCount "90"]

1. c4 e5 2. e4 Nc6 3. Nf3 Nf6 4. Nc3 Bb4 5. Bd3 O-O 6. h3 d6
7. a3 Bc5 8. O-O Nh5 9. Nd5 Nf4 10. Nxf4 exf4 11. Kh2 Ne5
12. Nxe5 dxe5 13. Qf3 Re8 14. b4 Bd4 15. Rb1 Re6 16. c5 g5
17. Qh5 Rg6 18. f3 Qf6 19. Bc4 Rh6 20. Qxf7+ Qxf7 21. Bxf7+
Kxf7 22. Bb2 Bxb2 23. Rxb2 Bd7 24. Rd1 Rg8 25. d4 exd4
26. Rxd4 Be6 27. Rbd2 g4 28. fxg4 Bxg4 29. e5 f3 30. Rf4+ Ke6
31. Rf6+ Rxf6 32. exf6 Bf5 33. g4 Be4 34. Rf2 Bc6 35. f7 Kxf7
36. Kg3 Re8 37. b5 Bd5 38. Rd2 c6 39. bxc6 bxc6 40. Rb2 Ke6
41. Rb7 Re7 42. Rxe7+ Kxe7 43. h4 Ke6 44. g5 Be4 45. Kf2 Kd5
0-1

[Event "Reykjavik Open"]
[Site "Reykjavik ISL"]
[Date "2017.04.21"]
[EventDate "2017.04.19"]
[Round "4.1"]
[Result "1-0"]
[White "Anish Giri"]
[Black "Jorden van Foreest"]
[WhiteElo "2771"]
[BlackElo "2584"]
[PlyCount "159"]

1. d4 d5 2. c4 c6 3. Nf3 Nf6 4. e3 g6 5. Nc3 Bg7 6. Be2 O-O
7. O-O e6 8. b3 Re8 9. Bb2 Nbd7 10. Qc2 b6 11. Rad1 Bb7
12. Ne5 Qc7 13. f4 Rad8 14. Bf3 c5 15. g4 cxd4 16. exd4 a6
17. Qg2 Nf8 18. f5 exf5 19. gxf5 Qd6 20. fxg6 Nxg6 21. Nxd5
Nh4 22. Nxf6+ Qxf6 23. Bxb7 Nxg2 24. Rxf6 Bxf6 25. Ng4 Bg7
26. Bxg2 Re2 27. Ba1 Rxa2 28. Ne3 Rd6 29. Bd5 Rg6+ 30. Kh1 Rh6
31. Ng2 Rh3 32. Rf1 Kh8 33. Re1 Kg8 34. Rf1 Kh8 35. c5 bxc5
36. b4 Rd2 37. bxc5 Bxd4 38. Bxd4+ Rxd4 39. Bxf7 Rc3 40. Nf4
Rd8 41. Ne6 Rc8 42. Rg1 h6 43. Rg6 Kh7 44. Rg7+ Kh8 45. Rg6
Kh7 46. Rg7+ Kh8 47. Bg6 Rb8 48. Rh7+ Kg8 49. Ra7 Rc1+ 50. Kg2
Rc3 51. Kg1 Rc1+ 52. Kf2 a5 53. Bh7+ Kh8 54. Nf4 Rf8 55. Ke3
Rxf4 56. Kxf4 Rxc5 57. Bf5 Kg8 58. Ra6 a4 59. Rxa4 Kg7
60. Ra7+ Kg8 61. Ra6 Rc7 62. Rxh6 Kg7 63. Kg5 Rf7 64. Ra6 Rc7
65. h3 Re7 66. Rg6+ Kh8 67. Rh6+ Kg8 68. Rh4 Rg7+ 69. Bg6 Ra7
70. Kh6 Kh8 71. Rd4 Rh7+ 72. Kg5 Ra7 73. Rd8+ Kg7 74. Bf5 Rf7
75. Be6 Re7 76. Kf5 Ra7 77. Rg8+ Kh7 78. Kf6 Rb7 79. Ra8 Rb6
80. Ra4 1-0

[Event "Reykjavik Open"]
[Site "Reykjavik ISL"]
[Date "2017.04.21"]
[EventDate "2017.04.19"]
[Round "4.2"]
[Result "1/2-1/2"]
[White "Alejandro Ramirez Alvarez"]
[Black "Dmitry Andreikin"]
[WhiteElo "2555"]
[BlackElo "2734"]
[PlyCount "67"]

1. e4 c5 2. Nf3 d6 3. Bb5+ Nd7 4. c3 Nf6 5. Qe2 a6 6. Ba4 b5
7. Bc2 Bb7 8. O-O g6 9. d4 Bg7 10. Re1 e5 11. a4 cxd4 12. cxd4
exd4 13. axb5 Qb6 14. bxa6 Rxa6 15. Rxa6 Bxa6 16. Bd3 Bxd3
17. Qxd3 Ng4 18. Na3 Nge5 19. Qb5 O-O 20. Qxb6 Nxb6 21. Rd1
Nxf3+ 22. gxf3 d5 23. Bf4 dxe4 24. fxe4 Re8 25. e5 g5 26. Bxg5
Rxe5 27. Bf4 Rf5 28. Bc1 Na4 29. Nc2 Rb5 30. Kg2 f5 31. Kf3
Rb3+ 32. Ke2 Nxb2 33. Nxd4 Nxd1 34. Nxb3 1/2-1/2

[Event "Reykjavik Open"]
[Site "Reykjavik ISL"]
[Date "2017.04.21"]
[EventDate "2017.04.19"]
[Round "4.3"]
[Result "1/2-1/2"]
[White "Alexander Donchenko"]
[Black "Zoltan Almasi"]
[WhiteElo "2554"]
[BlackElo "2696"]
[PlyCount "68"]

1. Nf3 g6 2. g3 Bg7 3. Bg2 c5 4. c4 Nc6 5. Nc3 d6 6. a3 e6
7. e3 Nge7 8. O-O O-O 9. d4 b6 10. b3 Ba6 11. Re1 Nf5 12. Nb5
d5 13. Bb2 Rc8 14. Ne5 Bxb5 15. cxb5 Nxe5 16. dxe5 Qc7 17. e4
dxe4 18. Rxe4 Rfd8 19. Qe2 Nd4 20. Bxd4 Rxd4 21. Re1 Rcd8
22. f4 Rd2 23. Qf3 R8d3 24. R4e3 c4 25. Qc6 Qe7 26. b4 Rc2
27. Be4 Rxe3 28. Rxe3 Rc1+ 29. Kf2 Bf8 30. Qc8 Kg7 31. Re1 Rc3
32. Re3 Rc1 33. Re1 Rc3 34. Re3 Rc1 1/2-1/2

[Event "Reykjavik Open"]
[Site "Reykjavik ISL"]
[Date "2017.04.21"]
[EventDate "2017.04.19"]
[Round "4.6"]
[Result "0-1"]
[White "Pierre Bailet"]
[Black "Nils Grandelius"]
[WhiteElo "2510"]
[BlackElo "2641"]
[PlyCount "158"]

1. e4 e5 2. Nf3 Nc6 3. Bb5 a6 4. Ba4 Nf6 5. O-O Be7 6. Re1 b5
7. Bb3 d6 8. c3 O-O 9. h3 Na5 10. Bc2 c5 11. d4 Nd7 12. d5 Nb6
13. Nbd2 g6 14. b4 Nb7 15. Rb1 Bd7 16. Nf1 Qc7 17. Bh6 Rfc8
18. Ne3 a5 19. a3 axb4 20. axb4 Ra3 21. Qd2 cxb4 22. cxb4 Qc3
23. Qxc3 Raxc3 24. Bb3 Nd8 25. Nd1 R3c7 26. Nb2 Rc3 27. Nd1
R3c7 28. Nb2 f6 29. Be3 Na4 30. Nxa4 bxa4 31. Bd1 Bb5 32. Be2
Rb8 33. Bxb5 Rxb5 34. Rec1 Rxc1+ 35. Bxc1 f5 36. Nd2 fxe4
37. Nxe4 Rxd5 38. Nc3 Rd3 39. Nxa4 Rd1+ 40. Kh2 Bg5 41. Bxg5
Rxb1 42. Bxd8 Rxb4 43. Nc3 Kf7 44. f3 d5 45. Nxd5 Rd4 46. Nf6
h5 47. Nxh5 gxh5 48. Bg5 Kg6 49. h4 Kf5 50. Kg3 Ra4 51. Kf2
Ra3 52. Kg1 Ke6 53. Kf2 Ra2+ 54. Kg3 Kd5 55. Bf6 Ra6 56. Bg5
Kd4 57. Kf2 Kd3 58. Kf1 Ra1+ 59. Kf2 Ra2+ 60. Kf1 e4 61. fxe4
Kxe4 62. Kg1 Kd3 63. Kf1 Ra7 64. Bf4 Rf7 65. g3 Ke4 66. Ke2
Ra7 67. Kd2 Kf3 68. Kd3 Rd7+ 69. Kc3 Ke4 70. Kc2 Rd3 71. Kc1
Kf3 72. Kc2 Ke2 73. Kb2 Kd1 74. Be5 Rd5 75. Bf4 Rc5 76. Kb3
Ke2 77. Kb2 Kd3 78. Bd6 Rc2+ 79. Ka3 Rc6 0-1

[Event "Reykjavik Open"]
[Site "Reykjavik ISL"]
[Date "2017.04.21"]
[EventDate "2017.04.19"]
[Round "4.7"]
[Result "1/2-1/2"]
[White "Erwin L'Ami"]
[Black "Robert Ris"]
[WhiteElo "2614"]
[BlackElo "2419"]
[PlyCount "101"]

1. d4 Nf6 2. c4 e6 3. Nc3 d5 4. Nf3 c5 5. cxd5 Nxd5 6. e4 Nxc3
7. bxc3 cxd4 8. cxd4 Bb4+ 9. Bd2 Bxd2+ 10. Qxd2 O-O 11. Rc1 b6
12. Bd3 Bb7 13. O-O Nd7 14. h4 h6 15. Qf4 Rc8 16. Rcd1 Qe7
17. Rfe1 Rfd8 18. d5 Nc5 19. Bb1 exd5 20. exd5 Qf6 21. Qxf6
gxf6 22. Bf5 Rb8 23. d6 Bc8 24. Nd4 Bb7 25. Ne2 Bc8 26. Ng3
Be6 27. f4 Rbc8 28. Bb1 Rc6 29. f5 Bc4 30. Rd4 b5 31. Nh5
Rcxd6 32. Nxf6+ Kf8 33. Rxd6 Rxd6 34. Re8+ Kg7 35. Nh5+ Kh7
36. g4 f6 37. g5 hxg5 38. hxg5 fxg5 39. f6+ Nd3 40. Ng3 Rxf6
41. Re3 Ra6 42. Ne4 Kg7 43. Bxd3 Bxd3 44. Rxd3 Rxa2 45. Rd5 b4
46. Rxg5+ Kf7 47. Rb5 a5 48. Nd6+ Ke6 49. Nc4 a4 50. Rxb4 Kd5
51. Rxa4 1/2-1/2

[Event "Reykjavik Open"]
[Site "Reykjavik ISL"]
[Date "2017.04.21"]
[EventDate "2017.04.19"]
[Round "4.16"]
[Result "1/2-1/2"]
[White "Sarin Nihal"]
[Black "Helgi Dam Ziska"]
[WhiteElo "2424"]
[BlackElo "2553"]
[PlyCount "74"]

1. d4 Nf6 2. c4 g6 3. Nc3 Bg7 4. e4 d6 5. Nf3 O-O 6. Be2 e5
7. O-O Na6 8. Re1 c6 9. Be3 h6 10. h3 exd4 11. Bxd4 Re8
12. Qc2 Nc5 13. Bf1 Ne6 14. Be3 g5 15. Rad1 g4 16. hxg4 Nxg4
17. Qd2 Qe7 18. Qxd6 Qxd6 19. Rxd6 Nxe3 20. Rxe3 Nc5 21. e5 a5
22. Ne4 Nxe4 23. Rxe4 Bf5 24. Re3 Bf8 25. Rf6 Be6 26. Nd4 Bg7
27. Nxe6 Bxf6 28. Nc7 Bg5 29. Rd3 Bf4 30. Nxa8 Rxa8 31. e6
fxe6 32. c5 Be5 33. Rd7 Bxb2 34. Rxb7 Bd4 35. Bc4 Rf8
36. Bxe6+ Kh8 37. Rf7 Bxc5 1/2-1/2

[Event "Reykjavik Open"]
[Site "Reykjavik ISL"]
[Date "2017.04.21"]
[EventDate "2017.04.19"]
[Round "4.18"]
[Result "1/2-1/2"]
[White "Leon David Piasetski"]
[Black "Burak Firat"]
[WhiteElo "2300"]
[BlackElo "2503"]
[PlyCount "87"]

1. Nf3 Nf6 2. c4 e6 3. g3 d5 4. Bg2 Be7 5. O-O O-O 6. d4 c6
7. Qc2 b6 8. Rd1 Bb7 9. Nc3 Na6 10. b3 Nb4 11. Qb1 Rc8 12. a3
Na6 13. e4 Re8 14. Ne5 Nd7 15. Bf4 Nxe5 16. Bxe5 Bg5 17. Ne2
Qe7 18. Qd3 f6 19. Bf4 Bxf4 20. gxf4 e5 21. fxe5 fxe5 22. Ng3
exd4 23. b4 dxe4 24. Bxe4 c5 25. Bxh7+ Kh8 26. Bg6 Rf8 27. Re1
Qf6 28. Ra2 cxb4 29. Nh5 Qg5+ 30. Qg3 Qxg3+ 31. fxg3 Rc6
32. Nf4 b3 33. Rae2 Nc5 34. Re5 Rcf6 35. Rh5+ Kg8 36. Re7 Bf3
37. Rh4 b2 38. Bh7+ Kh8 39. Ng6+ Rxg6 40. Bxg6+ Kg8 41. Rh7
Rd8 42. Rexg7+ Kf8 43. Rf7+ Kg8 44. Rfg7+ 1/2-1/2

[Event "Reykjavik Open"]
[Site "Reykjavik ISL"]
[Date "2017.04.21"]
[EventDate "2017.04.19"]
[Round "4.19"]
[Result "0-1"]
[White "Askell Orn Karason"]
[Black "Awonder Liang"]
[WhiteElo "2289"]
[BlackElo "2483"]
[PlyCount "97"]

1. Nf3 Nf6 2. c4 e6 3. d4 b6 4. Nc3 Bb4 5. Qb3 c5 6. Bg5 Bb7
7. O-O-O cxd4 8. Qxb4 Na6 9. Qa3 dxc3 10. Qxc3 Rc8 11. Kb1 O-O
12. Bxf6 Qxf6 13. Qxf6 gxf6 14. e3 Rfd8 15. Rd4 Kf8 16. Be2
Ke7 17. Rh4 Nc5 18. Nd2 Bxg2 19. Rg1 Rg8 20. f3 Bh3 21. Rg3
Bf5+ 22. e4 Bg6 23. b4 Na6 24. a3 f5 25. Kb2 fxe4 26. Nxe4 Nb8
27. Nc3 Nc6 28. Rg1 Bf5 29. Rd1 Rg2 30. Kb3 Ne5 31. Re1 Rf2
32. Rf4 Bg6 33. h4 d6 34. Rf1 Rh2 35. Re1 h5 36. Rd4 Nc6
37. Rd2 Rxh4 38. Red1 e5 39. Nb5 Rd8 40. Kb2 Rh2 41. f4 exf4
42. Nc3 Kf8 43. Nd5 Rf2 44. Rf1 Rxf1 45. Bxf1 f3 46. Nf4 Ne5
47. Rd5 Ng4 48. Rd2 Ne3 49. Rf2 0-1

[Event "Reykjavik Open"]
[Site "Reykjavik ISL"]
[Date "2017.04.21"]
[EventDate "2017.04.19"]
[Round "4.20"]
[Result "1/2-1/2"]
[White "Sue Maroroa"]
[Black "Bragi Thorfinnsson"]
[WhiteElo "2148"]
[BlackElo "2457"]
[PlyCount "145"]

1. e4 g6 2. d4 Bg7 3. Nc3 c6 4. Be3 d5 5. Qd2 Nf6 6. e5 Ng4
7. Bf4 h5 8. h3 Nh6 9. Nf3 Nf5 10. O-O-O Qa5 11. Bd3 h4
12. Rde1 Na6 13. a3 Nc7 14. Kb1 Be6 15. Bg5 a6 16. Re2 Nb5
17. Nxb5 axb5 18. Qxa5 Rxa5 19. Bxf5 gxf5 20. Bxh4 Kd7 21. Bg5
b6 22. h4 Rh5 23. Bd2 Ra4 24. Ka2 c5 25. b3 Ra7 26. Kb2 Rh8
27. Ra1 Rha8 28. c3 f4 29. Bxf4 b4 30. cxb4 cxb4 31. a4 b5
32. a5 Bf5 33. Bd2 Rxa5 34. Rxa5 Rxa5 35. Bxb4 Ra8 36. Re1 Bh6
37. Ra1 Rxa1 38. Kxa1 Be4 39. Kb2 Ke6 40. Bc3 Bd3 41. Ne1 Be2
42. Kc2 Kf5 43. Bd2 Bf8 44. f3 Kg6 45. Nd3 Bf1 46. Nf4+ Kh7
47. Kd1 Bh6 48. Nxd5 Bxg2 49. Nxe7 Bxf3+ 50. Ke1 Bf8 51. Bb4
Bxe7 52. Bxe7 Bd5 53. Kd2 Bxb3 54. Kc3 Bc4 55. Kb4 Kg6 56. Kc5
Kf5 57. h5 Ke6 58. h6 Bd3 59. Bf6 Kd7 60. d5 Kc7 61. e6 fxe6
62. dxe6 b4 63. Be5+ Kd8 64. Kd6 b3 65. Bb2 Ke8 66. Ke5 Bb1
67. Ba3 Bh7 68. Kd4 Bc2 69. Kc3 Kd8 70. Kd4 Ke8 71. Ke5 Bb1
72. Kf6 Bc2 73. Bb2 1/2-1/2

[Event "Reykjavik Open"]
[Site "Reykjavik ISL"]
[Date "2017.04.21"]
[EventDate "2017.04.19"]
[Round "4.23"]
[Result "0-1"]
[White "Victor Plotkin"]
[Black "Eugene Perelshteyn"]
[WhiteElo "2243"]
[BlackElo "2509"]
[PlyCount "92"]

1. e4 c5 2. c3 g6 3. d4 cxd4 4. cxd4 d5 5. exd5 Nf6 6. Bb5+
Nbd7 7. Nc3 Bg7 8. Nf3 O-O 9. d6 exd6 10. O-O Nb6 11. Re1 Be6
12. Bg5 h6 13. Bd2 a6 14. Bd3 Qd7 15. b3 Rac8 16. Rc1 Nbd5
17. Nxd5 Nxd5 18. Be4 Rxc1 19. Qxc1 Rc8 20. Qb2 Nf6 21. Bd3
Bd5 22. Rc1 Re8 23. Re1 Ne4 24. Be3 b5 25. Rd1 Qb7 26. Bf1 b4
27. Rc1 Nc3 28. Nd2 Qb6 29. Rxc3 bxc3 30. Qxc3 a5 31. a4 Qb4
32. Qxb4 axb4 33. Nc4 Bxc4 34. Bxc4 d5 35. Bf1 Rc8 36. Bd2
Bxd4 37. Bxb4 Rc2 38. Be1 Bc3 39. Bxc3 Rxc3 40. b4 Rb3 41. g3
Rxb4 42. a5 Ra4 43. a6 Kg7 44. Bb5 Ra5 45. Bc6 d4 46. Bb7 d3
0-1

[Event "Reykjavik Open"]
[Site "Reykjavik ISL"]
[Date "2017.04.21"]
[EventDate "2017.04.19"]
[Round "4.26"]
[Result "0-1"]
[White "Dimitri van Leent"]
[Black "Gudmundur Kjartansson"]
[WhiteElo "2230"]
[BlackElo "2468"]
[PlyCount "92"]

1. c4 b6 2. Nc3 Bb7 3. e4 e5 4. Nge2 Nc6 5. d3 Bc5 6. Nd5 Nge7
7. g3 Nd4 8. Nec3 c6 9. Ne3 a6 10. Rb1 b5 11. b4 Bb6 12. Bh3
a5 13. a3 axb4 14. axb4 d6 15. O-O h5 16. Nc2 h4 17. Kg2 Bc8
18. g4 Be6 19. Kh1 bxc4 20. Ne3 cxd3 21. Qxd3 d5 22. Nf5 Nexf5
23. gxf5 dxe4 24. Qxe4 Bd5 25. Nxd5 Qxd5 26. Bg2 O-O-O 27. h3
Qxe4 28. Bxe4 g6 29. fxg6 f5 30. Bd3 Rd6 31. Rg1 Rg8 32. Bb2
e4 33. Ba6+ Kd7 34. g7 Nb5 35. Rbd1 Bxf2 36. Rxd6+ Kxd6
37. Rg6+ Kd7 38. Bxb5 cxb5 39. Bc3 f4 40. Kg2 Bg3 41. Bd4 Ke7
42. Kf1 f3 43. Rg4 Kf7 44. Rxe4 Rd8 45. Bf2 Rd1+ 46. Re1 Rd2
0-1

[Event "Reykjavik Open"]
[Site "Reykjavik ISL"]
[Date "2017.04.21"]
[EventDate "2017.04.19"]
[Round "4.32"]
[Result "1/2-1/2"]
[White "Alistair Hill"]
[Black "Roy Saptarshi"]
[WhiteElo "2209"]
[BlackElo "2425"]
[PlyCount "111"]

1. Nf3 d5 2. g3 c6 3. Bg2 Nf6 4. O-O Bg4 5. h3 Bxf3 6. exf3 e6
7. f4 Bd6 8. d3 Nbd7 9. Nd2 Qc7 10. Nf3 O-O-O 11. a4 h6 12. a5
a6 13. c4 Kb8 14. Bd2 dxc4 15. dxc4 Ne4 16. Be3 Bc5 17. Qe2 f5
18. Nd2 Bxe3 19. Qxe3 Nxd2 20. Qxd2 e5 21. fxe5 Nxe5 22. Qc2
f4 23. b4 f3 24. Bh1 Rhf8 25. Rad1 Rde8 26. Rfe1 g5 27. Qb3 h5
28. b5 axb5 29. cxb5 g4 30. b6 Qf7 31. Qa3 Nc4 32. Qc5 h4
33. Rxe8+ Rxe8 34. Qg5 Qg8 35. Qf4+ Ne5 36. hxg4 hxg3 37. Qxg3
Qxg4 38. Qxg4 Nxg4 39. Bxf3 Ne5 40. Be2 c5 41. Bb5 Rc8 42. Rd5
Nf3+ 43. Kf1 Nd4 44. Bc4 Nc2 45. Ke2 Na3 46. Kd3 Rf8 47. f4
Nxc4 48. Kxc4 Rxf4+ 49. Kxc5 Rf8 50. Kb5 Rh8 51. Rg5 Rf8
52. a6 bxa6+ 53. Kxa6 Rh8 54. Rg7 Rf8 55. Rb7+ Ka8 56. Ra7+
1/2-1/2